| Tag |
First Indicator |
Second Indicator |
Subfields |
| LEADER |
00000cam a2200000 i 4500 |
| 001 |
in00000309708 |
| 005 |
20151010151922.0 |
| 008 |
780601s1978 nyua 10000 eng |
| 010 |
|
|
|a 78018296
|
| 020 |
|
|
|a 0125080506
|
| 035 |
|
|
|a (OCoLC)04003440
|
| 035 |
|
|
|9 ABJ0046AM
|
| 040 |
|
|
|a DLC
|c DLC
|d CHS
|d KUM
|d TXA
|d UtOrBLW
|
| 049 |
|
|
|a TXAM
|c [1613333]
|
| 050 |
0 |
0 |
|a RB155
|b .G384
|
| 060 |
|
0 |
|a QZ 50.3 G3245 1977
|
| 082 |
0 |
|
|a 616/.042
|
| 245 |
0 |
0 |
|a Genetic epidemiology /
|c edited by Newton E. Morton and Chin Sik Chung.
|
| 264 |
|
1 |
|a New York :
|b Academic Press,
|c 1978.
|
| 300 |
|
|
|a x, 550 pages :
|b illustrations ;
|c 24 cm.
|
| 336 |
|
|
|a text
|b txt
|2 rdacontent
|
| 337 |
|
|
|a unmediated
|b n
|2 rdamedia
|
| 338 |
|
|
|a volume
|b nc
|2 rdacarrier
|
| 500 |
|
|
|a Based on a symposium on various aspects of human genetics held at the University of Hawaii, October 17-18, 1977.
|
| 650 |
|
0 |
|a Medical genetics
|v Congresses.
|
| 650 |
|
0 |
|a Human genetics
|v Congresses.
|
| 650 |
|
2 |
|a Epidemiologic Methods
|x congresses.
|
| 650 |
|
2 |
|a Genetics, Medical
|x congresses.
|
| 650 |
|
2 |
|a Genetic Diseases, Inborn
|x congresses.
|
| 700 |
1 |
|
|a Morton, Newton E.
|q (Newton Ennis),
|d 1929-
|
| 700 |
1 |
|
|a Chung, Chin Sik,
|d 1924-
|
| 999 |
|
|
|a MARS
|
| 999 |
f |
f |
|s 3fe4af9f-4288-3fb6-bf21-01a0c4b37b0a
|i b107a39c-6dab-309c-a326-fca98883b827
|t 0
|
| 952 |
f |
f |
|p ric
|a Texas A&M University
|b Rellis Campus
|c Joint Library Facility
|d Remote Storage
|t 0
|e RB155 .G384
|h Library of Congress classification
|i unmediated -- volume
|m A14805086511
|
| 998 |
f |
f |
|a RB155 .G384
|t 0
|l Remote Storage
|